Digital Energy Meter (Record no. 11312)
[ view plain ]
| 000 -LEADER | |
|---|---|
| fixed length control field | 00509 a2200145 4500 |
| 082 ## - DEWEY DECIMAL CLASSIFICATION NUMBER | |
| Classification number | BEE-5 |
| 100 ## - MAIN ENTRY--PERSONAL NAME | |
| Personal name | Muhammad Waleed Khalid |
| 9 (RLIN) | 51443 |
| 245 ## - TITLE STATEMENT | |
| Title | Digital Energy Meter |
| Statement of responsibility, etc. | Muhammad Waleed Khalid |
| 260 ## - PUBLICATION, DISTRIBUTION, ETC. | |
| Place of publication, distribution, etc. | Islamabad |
| Name of publisher, distributor, etc. | NUST-SEECS |
| Date of publication, distribution, etc. | 2012 |
| 300 ## - PHYSICAL DESCRIPTION | |
| Extent | 55p. |
| Other physical details | ;ill. |
| Dimensions | ;27cm.+ |
| Accompanying material | CD ROM |
| 500 ## - GENERAL NOTE | |
| General note | Supervisors: Dr. Tauseef Tauqeer, Mr. Abid Mushtaq |
| 700 ## - ADDED ENTRY--PERSONAL NAME | |
| Personal name | Ahmed Aitzaz Khan Wattoo, Muhammad Rizwan |
| 9 (RLIN) | 92925 |
| 856 ## - ELECTRONIC LOCATION AND ACCESS | |
| Uniform Resource Identifier | <a href="http://10.250.8.41:8080/xmlui/handle/123456789/11542">http://10.250.8.41:8080/xmlui/handle/123456789/11542</a> |
| 942 ## - ADDED ENTRY ELEMENTS (KOHA) | |
| Koha item type | Project Report |
| Call number prefix | BEE-5 WAL |
| Source of classification or shelving scheme | |
| Withdrawn status | Lost status | Source of classification or shelving scheme | Damaged status | Not for loan | Permanent Location | Current Location | Date acquired | Full call number | Barcode | Date last seen | Price effective from | Koha item type |
|---|---|---|---|---|---|---|---|---|---|---|---|---|
| WITHDRAWN | Central Library (CL) | Central Library (CL) | 07/05/2022 | BEE-5 WAL | SEECSP01117 | 11/14/2012 | 11/14/2012 | Project Report |
